000 00618nam a2200205Ii 4500
003 JO-AjNU
008 230605s9999||||xx |||||||||||||| ||und||
040 _aJO-AjNU
_bara
_erda
_cJO-AjNU
041 _aara
050 1 4 _aD5489.I4488 1982
100 3 _aبقلم العجلي، معن سناع,
_eauthor
_913721
245 0 0 _aهكذا كنت في سيلان
250 _aط1
264 3 1 _aبغداد: المؤلف، 1982
300 _a383ص
336 _atext
_btxt
_2rdacontent
337 _aunmediated
_bn
_2rdamedia
338 _avolume
_bnc
_2rdacarrier
650 4 _aسيريلانكا-وصف ورحلات
_913722
999 _aA3489
_c7057
_d7057